| 000 | 00712cam a2200205Ia 4500 | ||
|---|---|---|---|
| 999 |
_c4409 _d4409 |
||
| 003 | OSt | ||
| 005 | 20220323091709.0 | ||
| 008 | 220323b ||||| |||| 00| 0 eng d | ||
| 020 | _a0912912014 | ||
| 040 | _cALUPE UNIVERSITY | ||
| 050 |
_aRC683.5 _bE5 D8 1989 |
||
| 100 | 1 |
_aDubin, Dale, _d1940- _0http://id.loc.gov/authorities/names/n88169355 |
|
| 245 | 1 | 0 |
_aRapid interpretation of EKG's : _ba programmed course / _cby Dale Dubin. |
| 250 | _a4th ed., rev. and updated. | ||
| 260 |
_aTampa, Fla., U.S.A. : _bCover Pub. Co., _cc1989. |
||
| 300 |
_axi, 311 p. : _bill. |
||
| 650 | 2 |
_aElectrocardiography. _0https://id.nlm.nih.gov/mesh/D004562 |
|
| 655 | 2 | _0https://id.nlm.nih.gov/mesh/D020498 | |
| 942 |
_2lcc _cBK _nMM |
||